[Event "Lichtenberger Sommer 2018"]
[Site "?"]
[Date "2018.08.24"]
[Round "7.70"]
[White "Rehmsmeier, Marc"]
[Black "Schiller, Stephan"]
[Result "1-0"]
[WhiteElo "1735"]
[BlackElo "1604"]
[PlyCount "103"]
[EventDate "2018.??.??"]
[WhiteTeam "SK International Berlin 2010"]
[BlackTeam "SV Motor Wildau"]

1. e4 d6 2. d4 g6 3. Nf3 Bg7 4. Be2 Nf6 5. Nc3 O-O 6. h3 b6 7. Be3 Bb7 8. d5 c6
9. Qd2 cxd5 10. exd5 Nbd7 11. O-O-O Rc8 12. Bh6 Nc5 13. Bxg7 Kxg7 14. Qd4 Qc7
15. Rd2 Rcd8 16. Bc4 a6 17. a3 b5 18. Ba2 Bc8 19. Ng5 Bd7 20. b4 e5 21. dxe6
Nxe6 22. Nxe6+ fxe6 23. Ne4 d5 24. Nxf6 Rxf6 25. h4 Qf4 26. Qb2 Kg8 27. g3 Qf3
28. Re1 Rdf8 29. Rde2 Qg4 30. Qe5 Qf5 31. Qd6 Bc8 32. f4 Qg4 33. Re3 Qh3 34.
Rc3 Qf5 35. Re5 Qh3 36. Re1 Qf5 37. Re5 Qh3 38. Ree3 Qf5 39. Rc7 R6f7 40. Rec3
Rxc7 41. Rxc7 Qf6 42. Kb1 Rd8 43. Qc5 Bd7 44. Qa7 Kf8 45. Rxd7 Rxd7 46. Qxd7
Qc3 47. Qxe6 Qxg3 48. Qf6+ Ke8 49. Bxd5 Kd7 50. Kb2 Qf2 51. Qc6+ Ke7 52. Qc5+
1-0

[Event "Lichtenberger Sommer 2018"]
[Site "?"]
[Date "2018.08.24"]
[Round "7.71"]
[White "Kapp, Frank"]
[Black "Pathasart, Somchay"]
[Result "1-0"]
[WhiteElo "1874"]
[BlackElo "1750"]
[PlyCount "111"]
[EventDate "2018.??.??"]
[WhiteTeam "TSV IFA Chemnitz"]
[BlackTeam "SG Weißensee 49"]

1. d4 d5 2. Nf3 Nf6 3. Bf4 Nc6 4. e3 Bg4 5. Bb5 e6 6. c3 Bd6 7. Bxd6 Qxd6 8.
Qa4 Bxf3 9. Bxc6+ bxc6 10. gxf3 O-O 11. Nd2 Rfb8 12. Qc2 c5 13. f4 cxd4 14.
cxd4 Rc8 15. Rc1 Rab8 16. a3 Qb6 17. b4 Qa6 18. Nb1 Ne4 19. Qe2 Qd6 20. f3 Nf6
21. Kf2 g6 22. Rc3 Rb7 23. Rhc1 Qe7 24. Rc5 Ne8 25. Nd2 Nd6 26. Kg2 Nf5 27. Nb3
Rb6 28. Na5 g5 29. Nc6 Qf6 30. fxg5 Qxg5+ 31. Kh1 Qh6 32. Rg1+ Kh8 33. e4 dxe4
34. fxe4 Rxc6 35. exf5 Rxc5 36. dxc5 exf5 37. Qe5+ f6 38. Qxf5 Rf8 39. Qd7 Rg8
40. Rxg8+ Kxg8 41. Qd8+ Kg7 42. Qxc7+ Kg6 43. Qg3+ Kf5 44. Kg2 Qg6 45. Qxg6+
hxg6 46. c6 Ke6 47. h4 Kd6 48. b5 a6 49. a4 Kc7 50. Kf3 Kd6 51. Kg4 Kc7 52. h5
f5+ 53. Kg5 gxh5 54. Kxh5 axb5 55. axb5 Kd6 56. Kg5 1-0

[Event "Lichtenberger Sommer 2018"]
[Site "?"]
[Date "2018.08.24"]
[Round "7.72"]
[White "Schindler, Rudolf"]
[Black "Zinnecker, Peter"]
[Result "1-0"]
[WhiteElo "1835"]
[BlackElo "1401"]
[PlyCount "79"]
[EventDate "2018.??.??"]
[WhiteTeam "Lasker Steglitz-Wilmersdorf"]
[BlackTeam "SV Teutonia Coerde"]

1. Nf3 c5 2. c4 g6 3. d4 cxd4 4. Qxd4 Nf6 5. Nc3 Nc6 6. Qd1 Bg7 7. e4 d6 8. Be2
O-O 9. O-O a6 10. Rb1 Rb8 11. b3 b6 12. Bb2 Bb7 13. Re1 Qd7 14. a3 e6 15. b4
Rbc8 16. Qb3 Rfd8 17. Rbd1 Qc7 18. Bf1 Ng4 19. Ne2 Nge5 20. Nxe5 Nxe5 21. Ng3
Nxc4 22. Bxg7 Kxg7 23. Rc1 b5 24. Qc3+ Kg8 25. Qf6 Re8 26. Rc3 Qe7 27. Nh5 Qf8
28. Rh3 e5 29. Qg5 Re6 30. Nf6+ Rxf6 31. Qxf6 Qg7 32. Qg5 f6 33. Qc1 d5 34.
exd5 Bxd5 35. Rc3 Be6 36. a4 Nd6 37. Rxc8+ Bxc8 38. Rd1 Qe7 39. Qc5 Nf5 40.
Qxc8+ 1-0

[Event "Lichtenberger Sommer 2018"]
[Site "?"]
[Date "2018.08.24"]
[Round "7.73"]
[White "Ollek, Karl-Heinz"]
[Black "Wolff, Marie Antoinette"]
[Result "1-0"]
[WhiteElo "1681"]
[BlackElo "1780"]
[PlyCount "125"]
[EventDate "2018.??.??"]
[WhiteTeam "SC Friesen Lichtenberg"]
[BlackTeam "Leegebrucher SF"]

1. c4 c5 2. Nc3 Nc6 3. Nf3 Nf6 4. g3 e6 5. e4 d6 6. Bg2 Be7 7. O-O O-O 8. Re1
Nd7 9. b3 a6 10. Bb2 Rb8 11. d4 cxd4 12. Nxd4 Nde5 13. Nxc6 Nxc6 14. Ne2 e5 15.
Kh1 Be6 16. Nc3 Qd7 17. Nd5 f5 18. Nxe7+ Nxe7 19. Ba3 Rbd8 20. exf5 Rxf5 21.
Re2 Rf6 22. Qd3 Rh6 23. Rd1 Nf5 24. c5 Nd4 25. Red2 d5 26. Bb2 Bg4 27. f3 Bf5
28. Qe3 Bc2 29. Re1 Qf7 30. Bxd4 exd4 31. Rxd4 Bf5 32. g4 Re6 33. Qd2 Rxe1+ 34.
Qxe1 Be6 35. Qe5 Qg6 36. h3 Bf7 37. Qe1 Qc2 38. Rd2 Qxc5 39. f4 b5 40. f5 d4
41. Rd3 Bd5 42. Bxd5+ Qxd5+ 43. Kg1 Qc5 44. b4 Qc7 45. Qe6+ Kf8 46. Qe2 Qc4 47.
Qd2 Kf7 48. Kg2 h6 49. h4 Qd5+ 50. Rf3 d3 51. a3 Qc4 52. g5 Qxh4 53. g6+ Kf8
54. f6 gxf6 55. Rh3 Qe4+ 56. Kh2 Qe2+ 57. Qxe2 dxe2 58. Re3 Re8 59. g7+ Kxg7
60. Rxe8 Kg6 61. Kg3 h5 62. Kf4 h4 63. Rxe2 1-0

[Event "Lichtenberger Sommer 2018"]
[Site "?"]
[Date "2018.08.24"]
[Round "7.74"]
[White "Schulz-Runge, Michael"]
[Black "Abraham, Helmut"]
[Result "1-0"]
[WhiteElo "1758"]
[BlackElo "1461"]
[PlyCount "39"]
[EventDate "2018.??.??"]
[WhiteTeam "FS Dortmund"]
[BlackTeam "SC Kreuzberg"]

1. e4 c5 2. Nc3 e6 3. f4 a6 4. a4 Nc6 5. Nf3 d6 6. d3 Be7 7. Be2 Nf6 8. O-O O-O
9. Qe1 b6 10. h3 Nd4 11. Bd1 Bb7 12. g4 h5 13. g5 Nh7 14. Qh4 Nxf3+ 15. Bxf3 g6
16. Kh2 f5 17. exf5 exf5 18. Bxb7 Ra7 19. Bd5+ Kg7 20. Bd2 1-0

[Event "Lichtenberger Sommer 2018"]
[Site "?"]
[Date "2018.08.24"]
[Round "7.75"]
[White "Timm, Christian"]
[Black "Geldner, Gerrit"]
[Result "0-1"]
[WhiteElo "1651"]
[BlackElo "1780"]
[PlyCount "80"]
[EventDate "2018.??.??"]
[WhiteTeam "König Springer Herzberg"]
[BlackTeam "vereinslos"]

1. Nf3 Nf6 2. d4 d6 3. g3 g6 4. Bg2 Bg7 5. O-O O-O 6. c3 Nbd7 7. Re1 Re8 8.
Nbd2 e5 9. e3 c6 10. b4 a5 11. Nc4 Qc7 12. Nxa5 Nd5 13. Bb2 e4 14. Nd2 f5 15.
Qb3 Kh8 16. a4 Ne7 17. f3 d5 18. Qc2 Nf6 19. fxe4 Nxe4 20. Nxe4 fxe4 21. Nb3
Bh6 22. c4 Bg4 23. cxd5 Nxd5 24. Qd2 Bf3 25. b5 Qf7 26. Bf1 Bg4 27. Bc4 Qf3 28.
Bxd5 cxd5 29. Bc1 Rf8 30. Ra2 Rf7 31. Qf2 Raf8 32. Qxf3 Rxf3 33. a5 Bh3 34. Rg2
Bxg2 35. Kxg2 Rf2+ 36. Kh3 g5 37. Ba3 Rg8 38. g4 Bf8 39. Nc5 Bd6 40. Rh1 Rg6
0-1

[Event "Lichtenberger Sommer 2018"]
[Site "?"]
[Date "2018.08.24"]
[Round "7.76"]
[White "Mueller, Jörg René"]
[Black "Bode, Jan-Michael"]
[Result "0-1"]
[WhiteElo "1547"]
[BlackElo "1874"]
[PlyCount "146"]
[EventDate "2018.??.??"]
[WhiteTeam "SC Zugzwang 95 (Berlin)"]
[BlackTeam "SW Lichtenrade"]

1. f4 d5 2. g3 Nf6 3. Nf3 Bf5 4. Bg2 e6 5. d3 Bc5 6. h3 h6 7. Bd2 Nbd7 8. b4
Bb6 9. e3 c6 10. O-O O-O 11. Kh1 Rc8 12. Qe2 c5 13. Na3 a6 14. Rab1 c4 15. d4
Ne4 16. Be1 Ndf6 17. Ne5 Bc7 18. b5 Bd6 19. Naxc4 dxc4 20. bxa6 bxa6 21. Nxc4
Bc7 22. Kh2 Nd5 23. Bxe4 Bxe4 24. Nd2 Nc3 25. Qxa6 Nxb1 26. Nxe4 Ra8 27. Qc4
Na3 28. Qb3 Qd5 29. Qd3 Qc4 30. Qxc4 Nxc4 31. Rf3 Rxa2 32. h4 Rxc2+ 33. Kh3 Re2
34. Bb4 Rb8 35. Be7 Rxe3 36. Rxe3 Nxe3 37. Nc3 Rb3 38. Ne2 Nf5 39. Bc5 Re3 40.
Nc1 Rxg3+ 41. Kh2 Bxf4 42. Kh1 Bxc1 43. h5 Rh3+ 44. Kg2 Rxh5 45. d5 Ne3+ 46.
Kf3 Nxd5 47. Ba7 Be3 48. Bb8 f6 49. Bd6 e5 50. Ke4 Rh4+ 51. Kxd5 Rd4+ 52. Kc5
Rxd6+ 53. Kxd6 Kf7 54. Kd5 g5 55. Ke4 Ke6 56. Kxe3 f5 57. Kf3 e4+ 58. Ke3 Ke5
59. Kf2 f4 60. Ke2 g4 61. Kf2 e3+ 62. Ke2 Ke4 63. Ke1 f3 64. Kf1 Kd3 65. Ke1 g3
66. Kf1 g2+ 67. Kg1 Ke2 68. Kh2 f2 69. Kxg2 f1=Q+ 70. Kg3 Qf5 71. Kg2 Qg4+ 72.
Kh2 Kf2 73. Kh1 Qg2# 0-1

[Event "Lichtenberger Sommer 2018"]
[Site "?"]
[Date "2018.08.24"]
[Round "7.77"]
[White "Roth, Joachim"]
[Black "Eichstädt, Torsten"]
[Result "1-0"]
[WhiteElo "1959"]
[BlackElo "1361"]
[PlyCount "67"]
[EventDate "2018.??.??"]
[WhiteTeam "SG Bund"]
[BlackTeam "SC Friesen Lichtenberg"]

1. d4 Nf6 2. Bg5 Ne4 3. Bf4 d5 4. f3 g5 5. Be5 Nf6 6. Nd2 c5 7. c3 e6 8. e3 Bd6
9. Bxd6 Qxd6 10. Bd3 c4 11. Bc2 Nc6 12. Ne2 e5 13. Ng3 Ne7 14. Kf2 h5 15. Ne2
e4 16. Ng1 h4 17. fxe4 Ng4+ 18. Ke2 Nxh2 19. e5 Bg4+ 20. Ngf3 Qe6 21. Rxh2 O-O
22. b3 Rac8 23. bxc4 dxc4 24. Ne4 f6 25. Nxf6+ Rxf6 26. exf6 Nd5 27. Qd2 Qd6
28. Rah1 Qxf6 29. e4 Re8 30. Rf1 Nf4+ 31. Ke1 Nd3+ 32. Bxd3 cxd3 33. Qxg5+ Qxg5
34. Nxg5 1-0

[Event "Lichtenberger Sommer 2018"]
[Site "?"]
[Date "2018.08.24"]
[Round "7.78"]
[White "Plaza Reino, Mercedes"]
[Black "Fiedler, Ronald"]
[Result "1-0"]
[WhiteElo "1701"]
[BlackElo "1657"]
[PlyCount "29"]
[EventDate "2018.??.??"]
[WhiteTeam "Enniscorthy Chess Club"]
[BlackTeam "Läufer Reinickendorf"]

1. d4 d5 2. c4 e6 3. Nc3 Nf6 4. Nf3 Be7 5. cxd5 Nxd5 6. e4 Nxc3 7. bxc3 c5 8.
Bd3 Nc6 9. Bb2 O-O 10. d5 Na5 11. c4 b6 12. Qc2 f5 13. O-O fxe4 14. Bxe4 Bb7
15. Bxh7+ 1-0

[Event "Lichtenberger Sommer 2018"]
[Site "?"]
[Date "2018.08.24"]
[Round "7.79"]
[White "Schild, Reinhard"]
[Black "Schilly, Hans-Joachim"]
[Result "1-0"]
[WhiteElo "1601"]
[BlackElo "1771"]
[PlyCount "103"]
[EventDate "2018.??.??"]
[WhiteTeam "SG Weißensee 49"]
[BlackTeam "SF Siemensstadt"]

1. d4 d5 2. Nf3 Nf6 3. e3 Bg4 4. h3 Bh5 5. Bd3 e6 6. O-O Bd6 7. Nbd2 O-O 8. c3
Nbd7 9. e4 dxe4 10. Nxe4 Nxe4 11. Bxe4 c6 12. Bxh7+ Kxh7 13. Ng5+ Kg6 14. Qd3+
f5 15. Nxe6 Qh4 16. f4 Rh8 17. Ng5 Bg4 18. hxg4 Qxg4 19. Qf3 Nf6 20. Qxg4 Nxg4
21. Nh3 Rae8 22. Nf2 Nf6 23. Bd2 Nd5 24. Nd3 Re2 25. Rf2 Rxf2 26. Kxf2 Rh4 27.
Kf3 b5 28. Ne5+ Bxe5 29. dxe5 Kf7 30. Re1 Ke6 31. b3 a6 32. Kg3 Rh8 33. Kf3 c5
34. a3 g6 35. Rb1 Rd8 36. Rb2 Nxc3 37. Bxc3 Rd3+ 38. Kf2 Rxc3 39. a4 Rd3 40. g3
Rd4 41. axb5 axb5 42. Ke3 Re4+ 43. Kf2 g5 44. Kf3 Rb4 45. fxg5 Kxe5 46. Re2+
Re4 47. Rxe4+ fxe4+ 48. Ke3 c4 49. bxc4 bxc4 50. g6 c3 51. g7 c2 52. Kd2 1-0

[Event "Lichtenberger Sommer 2018"]
[Site "?"]
[Date "2018.08.24"]
[Round "7.80"]
[White "Karyah, Thomas"]
[Black "Caglar, Erdal"]
[Result "1-0"]
[WhiteElo "1775"]
[BlackElo "1486"]
[PlyCount "33"]
[EventDate "2018.??.??"]
[WhiteTeam "SC Zugzwang 95 (Berlin)"]
[BlackTeam "SW Lichtenrade"]

1. e4 Nc6 2. d4 e5 3. Nf3 exd4 4. Nxd4 Nxd4 5. Qxd4 Nf6 6. Nc3 d6 7. Bg5 Be7 8.
O-O-O h6 9. Bh4 g5 10. Bg3 a6 11. Bc4 c5 12. Qe3 Qc7 13. Qe2 Bg4 14. f3 Be6 15.
Bxe6 fxe6 16. e5 Nd7 17. exd6 1-0

[Event "Lichtenberger Sommer 2018"]
[Site "?"]
[Date "2018.08.24"]
[Round "7.81"]
[White "Müller, Johannes"]
[Black "Khalaf, Adnan"]
[Result "0-1"]
[WhiteElo "1775"]
[BlackElo "1585"]
[PlyCount "58"]
[EventDate "2018.??.??"]
[WhiteTeam "SC Eintracht Berlin"]
[BlackTeam "Läufer Reinickendorf"]

1. e4 d6 2. d4 Nf6 3. Bd3 g6 4. f4 c6 5. Nd2 b5 6. Ndf3 Bg7 7. c3 a5 8. Ne2 Bg4
9. Ng3 O-O 10. O-O Nh5 11. Nxh5 Bxh5 12. h3 Bxf3 13. Qxf3 Nd7 14. g4 e5 15.
dxe5 dxe5 16. f5 Nc5 17. Bc2 Qb6 18. Be3 Rfd8 19. b4 axb4 20. cxb4 Ra3 21. bxc5
Qa5 22. f6 Bh6 23. g5 Bxg5 24. Rfe1 Qc3 25. Bb3 Rd3 26. Rad1 Ra8 27. Kf2 Bh4+
28. Ke2 Rad8 29. Rxd3 Qxe1# 0-1

[Event "Lichtenberger Sommer 2018"]
[Site "?"]
[Date "2018.08.24"]
[Round "7.82"]
[White "Fricke, Janek Konrad"]
[Black "Kujawa, Werner"]
[Result "0-1"]
[WhiteElo "1485"]
[BlackElo "1726"]
[PlyCount "49"]
[EventDate "2018.??.??"]
[WhiteTeam "SV Empor Berlin"]
[BlackTeam "SV Motor Wildau"]

1. e4 c5 2. d4 cxd4 3. c3 d3 4. Bxd3 Nc6 5. Nf3 d6 6. h3 Nf6 7. c4 e6 8. Nc3 a6
9. O-O Be7 10. Be3 O-O 11. Rc1 b6 12. Na4 Nd7 13. a3 Nc5 14. Nxc5 dxc5 15. Bb1
Qc7 16. Qc2 e5 17. Rcd1 Nd4 18. Bxd4 cxd4 19. b4 Be6 20. Ba2 Rfc8 21. Rc1 a5
22. Rb1 axb4 23. axb4 f6 24. Rfc1 Qd7 25. Qd3 0-1

[Event "Lichtenberger Sommer 2018"]
[Site "?"]
[Date "2018.08.24"]
[Round "7.83"]
[White "Bollenbach, Horst"]
[Black "Lange, Malina"]
[Result "1/2-1/2"]
[WhiteElo "1736"]
[BlackElo "1488"]
[PlyCount "160"]
[EventDate "2018.??.??"]
[WhiteTeam "SC Friesen Lichtenberg"]
[BlackTeam "SV Mattnetz Berlin"]

1. d4 d5 2. Nf3 Nf6 3. Bf4 Bf5 4. c4 dxc4 5. Qa4+ Bd7 6. Qxc4 c6 7. Nc3 Bf5 8.
Ng5 e6 9. e4 Bg6 10. f3 h6 11. Nh3 Be7 12. Rd1 O-O 13. Be2 Nbd7 14. O-O Nb6 15.
Qb3 Qd7 16. a4 c5 17. Bb5 Qc8 18. Be3 cxd4 19. Bxd4 Bc5 20. Kh1 Bxd4 21. Rxd4
Rd8 22. Rfd1 Qc7 23. a5 Rxd4 24. Rxd4 Nbd7 25. Qb4 Re8 26. Qa4 Rd8 27. Qa3 Re8
28. Rc4 Qb8 29. Ba4 Ne5 30. Rb4 Rd8 31. Qb3 Nd3 32. Rxb7 Qa8 33. Rb5 a6 34. Rb6
Qc8 35. Qc2 Qc5 36. Ne2 Qxa5 37. Rc6 Qe1+ 38. Neg1 Nb4 39. Qc3 Qxc3 40. Rxc3
Rd2 41. Rb3 a5 42. Bb5 Nd7 43. Bxd7 Rxd7 44. Nf4 Kh7 45. h3 Rd2 46. Ra3 Rxb2
47. Rxa5 Nc6 48. Rc5 Nd4 49. Kh2 f6 50. e5 Bf5 51. exf6 gxf6 52. Rc7+ Kg8 53.
Nh5 Rc2 54. Nxf6+ Kf8 55. Rxc2 Bxc2 56. Kg3 Kf7 57. Ng4 Nf5+ 58. Kf4 Ba4 59.
Ne5+ Kf6 60. g4 Ne7 61. Nd3 Bc2 62. Nc5 Nd5+ 63. Kg3 Bd1 64. Nd7+ Kg5 65. Ne5
Kf6 66. f4 Nc3 67. Ngf3 Ne2+ 68. Kh4 Nxf4 69. Nd7+ Kg7 70. Nfe5 Ng6+ 71. Kg3
Nxe5 72. Nxe5 Kf6 73. Kf4 Ba4 74. h4 Bb5 75. Nf3 Be2 76. g5+ hxg5+ 77. hxg5+
Kg7 78. Nh4 Bd3 79. Ke5 Bc2 80. Kxe6 Bb1 1/2-1/2

[Event "Lichtenberger Sommer 2018"]
[Site "?"]
[Date "2018.08.24"]
[Round "7.84"]
[White "Korek, Jakob Alexander"]
[Black "Völler, Lothar"]
[Result "1/2-1/2"]
[WhiteElo "1498"]
[BlackElo "1689"]
[PlyCount "120"]
[EventDate "2018.??.??"]
[WhiteTeam "Königsjäger Süd-West"]
[BlackTeam "FS Dortmund"]

1. d4 Nf6 2. c4 e6 3. Nc3 Bb4 4. Qc2 O-O 5. Nf3 d5 6. a3 Bxc3+ 7. Qxc3 b6 8.
Bg5 Bb7 9. g3 h6 10. Bf4 Nbd7 11. cxd5 Nxd5 12. Qd2 N7f6 13. Bg2 Ne4 14. Qc1
Rc8 15. Bd2 c5 16. Qc2 f5 17. Qd3 c4 18. Qc2 Ba6 19. Ne5 Nxd2 20. Qxd2 c3 21.
bxc3 Nxc3 22. Bf3 Nd5 23. O-O Bb7 24. e3 Qg5 25. Be2 Nf6 26. Qb2 Nd5 27. Qb3
Rc3 28. Qa2 Rfc8 29. h4 Qe7 30. Bc4 Qc7 31. Bxd5 Bxd5 32. Qe2 Qe7 33. a4 Bc4
34. Nxc4 R3xc4 35. Qf3 Qf6 36. Qb7 R4c7 37. Qf3 g5 38. d5 exd5 39. Qxd5+ Qf7
40. Rfd1 Qxd5 41. Rxd5 Rc5 42. Rad1 Rxd5 43. Rxd5 Rc5 44. Rxc5 bxc5 45. hxg5
hxg5 46. f3 Kf7 47. Kf1 Ke6 48. Ke2 Kd5 49. Kd3 a5 50. Kc3 g4 51. fxg4 fxg4 52.
Kd3 c4+ 53. Kc3 Ke4 54. Kxc4 Kxe3 55. Kb5 Kf3 56. Kxa5 Kxg3 57. Kb5 Kf4 58. a5
g3 59. a6 g2 60. a7 g1=Q 1/2-1/2

[Event "Lichtenberger Sommer 2018"]
[Site "?"]
[Date "2018.08.24"]
[Round "7.85"]
[White "Hömke, Holger"]
[Black "Hesselbarth, Karlheinz"]
[Result "0-1"]
[WhiteElo "1578"]
[BlackElo "1723"]
[PlyCount "90"]
[EventDate "2018.??.??"]
[WhiteTeam "SK Zehlendorf"]
[BlackTeam "SC Zugzwang 95 (Berlin)"]

1. c4 c6 2. Nc3 d5 3. cxd5 cxd5 4. d4 Nf6 5. Nf3 g6 6. e3 Bg7 7. Be2 O-O 8. b3
Nc6 9. O-O Bf5 10. Nh4 Bd7 11. Bb2 Rc8 12. a3 Qc7 13. Rc1 Qb8 14. Nf3 Rfd8 15.
Nd2 e6 16. g4 Ne7 17. g5 Ne8 18. Nf3 Nd6 19. Nh4 Bc6 20. f4 Nef5 21. Ng2 Qc7
22. Qe1 Qe7 23. h4 h5 24. Qf2 Rf8 25. a4 f6 26. Ba3 fxg5 27. hxg5 Rcd8 28. Nh4
Kf7 29. Nf3 Qe8 30. Ne5+ Kg8 31. Bd3 Kh7 32. Nb5 Rh8 33. Nxa7 Bxe5 34. Nxc6
bxc6 35. dxe5 Nf7 36. e4 dxe4 37. Bxe4 Ne7 38. Bxe7 Qxe7 39. Rxc6 Rhf8 40. Qc2
Nxe5 41. fxe5 Qxg5+ 42. Qg2 Qe3+ 43. Kh2 Rd2 44. Bxg6+ Kh6 45. Qxd2 Qxd2+ 0-1

[Event "Lichtenberger Sommer 2018"]
[Site "?"]
[Date "2018.08.24"]
[Round "7.86"]
[White "Vesely, Martin"]
[Black "Wieczorek, Martin"]
[Result "1/2-1/2"]
[WhiteElo "1703"]
[BlackElo "1426"]
[PlyCount "88"]
[EventDate "2018.??.??"]
[WhiteTeam "SV Berlin-Friedrichstadt"]
[BlackTeam "SK Dessau 93"]

1. e4 e6 2. Nf3 d5 3. exd5 exd5 4. d4 Bd6 5. c4 dxc4 6. Bxc4 Ne7 7. O-O O-O 8.
Bg5 Nbc6 9. Nbd2 Na5 10. Bd3 f6 11. Bh4 Nf5 12. Qc2 Qd7 13. Rad1 g6 14. Rfe1
Nxh4 15. Nxh4 Nc6 16. Nhf3 Nb4 17. Bc4+ Kg7 18. Qc3 b5 19. Bb3 Bb7 20. a3 Nd5
21. Qc2 Nf4 22. d5 Bxd5 23. Bxd5 Nxd5 24. Ne4 Nf4 25. Nxd6 cxd6 26. g3 Qb7 27.
Qe4 Qxe4 28. Rxe4 Nh5 29. g4 f5 30. Re7+ Kf6 31. Rd7 fxg4 32. R7xd6+ Kg7 33.
Ng5 Kh6 34. Ne4 Rf7 35. Rd7 Raf8 36. Rxf7 Rxf7 37. Rd5 Re7 38. Rd4 Nf4 39. Kf1
Rc7 40. Nc3 Ne6 41. Rxg4 Rb7 42. h4 Kg7 43. Re4 Kf6 44. Rb4 a6 1/2-1/2

[Event "Lichtenberger Sommer 2018"]
[Site "?"]
[Date "2018.08.24"]
[Round "7.87"]
[White "Langner, Hans-Rainer"]
[Black "Pöltelt, Helmut"]
[Result "0-1"]
[WhiteElo "1603"]
[BlackElo "1714"]
[PlyCount "136"]
[EventDate "2018.??.??"]
[WhiteTeam "TSV Mariendorf"]
[BlackTeam "SC Eintracht Berlin"]

1. d4 f5 2. c4 Nf6 3. Nc3 g6 4. Bg5 Bg7 5. Bxf6 Bxf6 6. e3 O-O 7. Be2 d6 8. Qb3
Kh8 9. h4 c6 10. f4 e5 11. Nf3 e4 12. Ng5 h6 13. Nh3 Bxh4+ 14. Nf2 Kg7 15. Rh3
Bxf2+ 16. Kxf2 Nd7 17. Rah1 Rh8 18. g4 fxg4 19. Bxg4 Nf6 20. Bxc8 Qxc8 21. Rg3
h5 22. d5 Qd7 23. Rhg1 Ng4+ 24. Ke2 Rae8 25. Nd1 Rh6 26. Qc2 cxd5 27. Qc3+ Kh7
28. Nf2 Nxf2 29. Kxf2 Qf7 30. Rd1 Rc8 31. Qd4 Rxc4 32. Qxa7 Rc2+ 33. Ke1 Rxb2
34. a4 h4 35. Rg1 h3 36. Rd2 Rxd2 37. Kxd2 h2 38. Rh1 Rh5 39. a5 Kg7 40. Qd4+
Qf6 41. Qb4 Qe7 42. Qd4+ Kf7 43. Kc3 Qc7+ 44. Kb4 Qc4+ 45. Qxc4 dxc4 46. Kxc4
Ke6 47. Kb4 Kd7 48. Kc4 Kc6 49. Kb4 d5 50. Rc1+ Kd6 51. Rh1 d4 52. exd4 e3 53.
Kc3 Kd5 54. Kd3 Rh3 55. Kc3 e2+ 56. Kd2 Kxd4 57. Kxe2 Ke4 58. Kf2 Kxf4 59. Kg2
Rh5 60. Rf1+ Kg4 61. Kh1 Rf5 62. Rb1 Kg3 63. Rb3+ Rf3 64. Rb1 g5 65. a6 bxa6
66. Rg1+ hxg1=Q+ 67. Kxg1 Rb3 68. Kf1 Kf3 0-1

[Event "Lichtenberger Sommer 2018"]
[Site "?"]
[Date "2018.08.24"]
[Round "7.88"]
[White "Kossueva, Fatima"]
[Black "Gräbnitz, Marc-Florian"]
[Result "1/2-1/2"]
[WhiteElo "1365"]
[BlackElo "1495"]
[PlyCount "117"]
[EventDate "2018.??.??"]
[WhiteTeam "SC Friesen Lichtenberg"]
[BlackTeam "SC Eintracht Berlin"]

1. e4 d6 2. d4 g6 3. Nc3 Bg7 4. Be3 Nf6 5. Qd2 O-O 6. f3 Nbd7 7. Bh6 c5 8. Bxg7
Kxg7 9. Nge2 a6 10. a4 cxd4 11. Qxd4 Qb6 12. Qxb6 Nxb6 13. b3 Bd7 14. a5 Nc8
15. g4 Na7 16. Ng3 Rac8 17. Kd2 h6 18. h4 Rc6 19. g5 hxg5 20. hxg5 Nh7 21. f4
Rfc8 22. Bc4 e5 23. f5 Nxg5 24. fxg6 fxg6 25. Raf1 Be6 26. Bxe6 Nxe6 27. Nf5+
gxf5 28. Rfg1+ Kf7 29. Rh7+ Ke8 30. Rg8+ Nf8 31. Nd5 Rxc2+ 32. Kd3 fxe4+ 33.
Kxe4 Rf2 34. Rxb7 Nc6 35. Nc7+ Kf7 36. Rxf8+ Kxf8 37. Ne6+ Kg8 38. Rg7+ Kh8 39.
Rg6 Rh2 40. Ng5 Nxa5 41. Nf7+ Kh7 42. Rxd6 Nxb3 43. Ng5+ Kg7 44. Kxe5 Rc5+ 45.
Kf4 Rh4+ 46. Kg3 Rxg5+ 47. Kxh4 Rg6 48. Rd7+ Kf8 49. Kh5 Rb6 50. Ra7 a5 51. Kg5
Ke8 52. Kf5 Kd8 53. Ke4 Kc8 54. Kd3 Kb8 55. Rf7 a4 56. Kc2 a3 57. Kb1 Nc1+ 58.
Ka1 a2 59. Rb7+ 1/2-1/2

[Event "Lichtenberger Sommer 2018"]
[Site "?"]
[Date "2018.08.24"]
[Round "7.89"]
[White "Tschirschwitz, Stephan"]
[Black "Morczynski, Joachim"]
[Result "0-1"]
[WhiteElo "1530"]
[BlackElo "1583"]
[PlyCount "108"]
[EventDate "2018.??.??"]
[WhiteTeam "Lasker Steglitz-Wilmersdorf"]
[BlackTeam "SK Zehlendorf"]

1. c4 g6 2. d4 Bg7 3. Nc3 d6 4. e4 Nd7 5. Nf3 e5 6. Be3 Ne7 7. dxe5 dxe5 8. Qd2
O-O 9. Rd1 Nc6 10. Nd5 Nb6 11. Nxb6 axb6 12. Qxd8 Rxd8 13. Rxd8+ Nxd8 14. a3
Bg4 15. Nd2 c5 16. h3 Be6 17. Be2 Nc6 18. Nb3 Nd4 19. Nxd4 cxd4 20. Bc1 Rc8 21.
O-O Bxc4 22. Bxc4 Rxc4 23. Rd1 f5 24. f3 Rc2 25. Kf1 Bf6 26. b4 Bh4 27. Bd2 Ra2
28. Be1 Bxe1 29. Rxe1 f4 30. Rc1 Rxa3 31. Rc7 d3 32. Ke1 Ra2 33. Rxb7 Rxg2 34.
Rxb6 d2+ 35. Kd1 Rf2 36. b5 Rxf3 37. Rb8+ Kf7 38. Kxd2 Re3 39. b6 Rxe4 40. Rb7+
Kf6 41. Rxh7 f3 42. b7 Rb4 43. Ke3 Rb3+ 44. Kf2 e4 45. h4 Rb2+ 46. Kg3 f2 47.
Rh8 Kg7 48. b8=Q Rxb8 49. Rxb8 f1=Q 50. Rb7+ Kh6 51. Rb3 Qe1+ 52. Kg2 e3 53.
Rb8 Qf2+ 54. Kh3 Qf3+ 0-1

[Event "Lichtenberger Sommer 2018"]
[Site "?"]
[Date "2018.08.24"]
[Round "7.90"]
[White "Engelhardt, Erhard"]
[Black "Vollmar, Timo"]
[Result "1-0"]
[WhiteElo "1769"]
[BlackElo "1477"]
[PlyCount "71"]
[EventDate "2018.??.??"]
[WhiteTeam "SSV Rotation Berlin"]
[BlackTeam "BSV 63 Chemie Weißensee"]

1. b4 e5 2. Bb2 Bxb4 3. Bxe5 Nf6 4. c4 Nc6 5. Bb2 O-O 6. e3 Re8 7. Nf3 d6 8.
Be2 Bf5 9. O-O Ne5 10. Qb3 c5 11. d3 Qb6 12. Nxe5 dxe5 13. a3 Ba5 14. Qxb6 Bxb6
15. e4 Bg4 16. Bxg4 Nxg4 17. h3 Nf6 18. Nc3 Rad8 19. Rad1 Nh5 20. g3 Nf6 21.
Bc1 Ba5 22. Ne2 h6 23. f4 exf4 24. gxf4 Bc7 25. Kg2 Kf8 26. Bb2 Re6 27. a4 Ra6
28. Nc3 Nh5 29. Nd5 Bb8 30. Ra1 Rg6+ 31. Kh2 Rxd5 32. cxd5 Bxf4+ 33. Rxf4 Nxf4
34. Ba3 Nxd3 35. Rd1 Nf2 36. Bxc5+ 1-0

[Event "Lichtenberger Sommer 2018"]
[Site "?"]
[Date "2018.08.24"]
[Round "7.92"]
[White "Lee, Kwan Ho"]
[Black "Wilke, Hans-Peter"]
[Result "1/2-1/2"]
[WhiteElo "1650"]
[BlackElo "1515"]
[PlyCount "37"]
[EventDate "2018.??.??"]
[WhiteTeam "Hong Kong Chess Federation"]
[BlackTeam "Läufer Reinickendorf"]

1. d4 Nf6 2. c4 d5 3. Nc3 g6 4. Nf3 Bg7 5. Qb3 dxc4 6. Qxc4 c6 7. e4 Be6 8. Qb4
Qb6 9. Qxb6 axb6 10. e5 Nd5 11. Ng5 Bd7 12. f4 O-O 13. Bc4 Nb4 14. Bb3 Nd3+ 15.
Ke2 Nxc1+ 16. Raxc1 Bg4+ 17. Kf2 h6 18. Nge4 Be6 19. d5 1/2-1/2

[Event "Lichtenberger Sommer 2018"]
[Site "?"]
[Date "2018.08.24"]
[Round "7.93"]
[White "Lange, Johannes Friedrich"]
[Black "Wahner, Eberhard"]
[Result "1-0"]
[WhiteElo "1447"]
[BlackElo "1605"]
[PlyCount "89"]
[EventDate "2018.??.??"]
[WhiteTeam "TSG Oberschöneweide"]
[BlackTeam "SC Eintracht Berlin"]

1. d4 Nf6 2. c4 e6 3. Nc3 Bb4 4. Qc2 d5 5. Bg5 h6 6. Bh4 Be7 7. Nf3 b6 8. cxd5
Nxd5 9. Nxd5 exd5 10. Bxe7 Qxe7 11. Rc1 O-O 12. Qxc7 Qb4+ 13. Qc3 Qd6 14. e3
Nd7 15. Bd3 Nf6 16. O-O Be6 17. a3 Rfc8 18. Qd2 Ne4 19. Qe2 Bg4 20. h3 Bxf3 21.
Qxf3 Nd2 22. Qf5 Re8 23. Rfd1 Ne4 24. Rc2 Re6 25. Rdc1 Rae8 26. Rc7 Rf6 27. Qd7
Qxd7 28. Rxd7 Nxf2 29. Bb1 g6 30. Re1 a5 31. Rxd5 Ne4 32. Re5 Nd6 33. Rxe8+
Nxe8 34. e4 Nc7 35. e5 Rf4 36. Rd1 Kf8 37. d5 Rc4 38. d6 Ne6 39. Ba2 Rc8 40.
Bxe6 fxe6 41. Rf1+ Kg7 42. Rf6 Re8 43. Rxe6 Kf7 44. Rxe8 Kxe8 45. e6 1-0